Quantum mechanics

में बचाया:
ग्रंथसूची विवरण
मुख्य लेखक: CHANDRA, Suresh
स्वरूप: पुस्तक
भाषा:अंग्रेज़ी
प्रकाशित: CBS Publishers 2019
टैग: टैग जोड़ें
कोई टैग नहीं, इस रिकॉर्ड को टैग करने वाले पहले व्यक्ति बनें!

MARC

LEADER 00000nam a22000007a 4500
008 211011b ||||| |||| 00| 0 eng d
020 |a 9788123916095 
100 |a CHANDRA, Suresh 
245 |a Quantum mechanics  |c Suresh Chandra  |g X,373p.:ill. 
260 |b CBS Publishers  |c 2019  |h New Delhi  |i 696944  |i 696945  |l QC174.1.C36  |m Quantum theory 
500 |a It includes bibliography and index 
942 |a lcc  |c BK  |e Kuteyi M. A.  |f 11/10/2021 
952 |0 0  |1 0  |2 lcc  |4 0  |6 QC01741 C36  |7 0  |9 3629  |a HOL  |b TL  |c QZ  |d 2021-10-11  |l 0  |o QC174.1.C36  |p 2021-67365  |r 2021-10-11 00:00:00  |t 700912  |w 2021-10-11  |y BK 
952 |0 0  |1 0  |2 lcc  |4 0  |6 QC01741 C36  |7 0  |9 3630  |a HOL  |b HOL  |c QZ  |d 2021-10-11  |l 0  |o QC174.1.C36  |p 2021-67366  |r 2021-10-11 00:00:00  |t 700913  |w 2021-10-11  |y BK 
999 |c 1799  |d 1799